000 01404nam a2200313 a 4500
001 63374
003 BD-RjUL
005 20211209081206.0
008 170130s1963 nyuoc 001 pdeng d
020 _a0030120608
035 _a(BD-RjUL)63503
040 _aBD-RjUL
_beng
_cBD-RjUL
041 _aeng
082 _223
_a811.52
_bFRS 1963
100 1 _aFrost, Robert,
_d1874-1963.
_9188578
245 1 0 _aSelected poems of Robert Frost /
_cRobert Frost ; with introduction by Robert Graves.
260 _aNew York :
_bHolt, Rinehart and Winston,
_c1956 c1961,1962,1963
300 _axxiv, 326 p. :
_bill. ;
_c19 cm.
490 _aRinehart editions ;
_v120
500 _aThe selection of poems for this volume was made by Mr. Frost, who also made several minor changes in the texts." -- t.p. verso.
500 _a"All of the poems in this text have been reprinted from 'Complete poems of Robert Frost' and 'In the clearing' -- t.p. verso.
504 _aIncludes bibliographical and biographical material, revised by the authors from 'Robert Frost: an introduction' by R.A. Greenberg and J.G. Hepburn. -- t.p. verso.
600 _aFrost, Robert, 1874-1963
_9188584
700 1 _aGraves, Robert,
_d1895-1985.
_9188580
700 1 _aGreenberg, Robert A.
_tRobert Frost, an introduction.
_9188581
700 1 _aHepburn, James G.
_9188582
830 0 _aRinehart editions ;
_v120
_9188585
942 _2ddc
_cBK
999 _c63374
_d63374